00185pam a2200109 a 4500020000500000041000500005100001700010245001700027260000900044300000800053653001400061 c h aE. G. Nisbet aLiving Earth c1991 a237 aGeography